Guide to the genera of the Eastern plants: Ferns and seed plants of Eastern North America. (Record no. 27609)

MARC details
000 -LEADER
fixed length control field 00406nam a2200145Ia 4500
082 ## - DEWEY DECIMAL CLASSIFICATION NUMBER
Classification number 581.9(1-11)
Item number BAT
100 ## - MAIN ENTRY--AUTHOR NAME
Personal name BATSON
245 #0 - TITLE STATEMENT
Title Guide to the genera of the Eastern plants: Ferns and seed plants of Eastern North America.
250 ## - EDITION STATEMENT
Edition statement Ed.3
260 ## - PUBLICATION, DISTRIBUTION, ETC. (IMPRINT)
Place of publication New York
Name of publisher John Wiley
Year of publication 1977
650 ## - SUBJECT ADDED ENTRY--TOPICAL TERM
Topical Term Ferns
650 ## - SUBJECT ADDED ENTRY--TOPICAL TERM
Topical Term North America
942 ## - ADDED ENTRY ELEMENTS (KOHA)
Koha item type Books
Holdings
Withdrawn status Lost status Damaged status Not for loan Home library Current library Date acquired Full call number Accession Number Koha item type
        RRII Library RRII Library 16/12/2021 581.9(1-11) BAT 08226 Books